01018nam a22002417a 450000500170000000800410001702000150005804000070007304100120008008200210009210000220011324500420013526000410017730000300021852002640024865000230051265000170053565000350055270000240058794200120061199900190062395201340064220221227131045.0221227b ||||| |||| 00| 0 eng d a0195641043 cAL aEnglish 223a954.03bALON aAloysius G967789 aNationalism Without a Nation in India aDelhibOxford University Pressc1997 axii,265 p.bHBc22x14 cm. aThis book is a hard-hitting sociological critique of India's nationalist historiography. The National Movement is also examined critically. Students of sociology, social anthropology, political science, and Indian history will take an interest in this volume. aNationalism967790 aIndia967791 aPolitics and government967792 aALOYSIUS (G)967793 2ddccDB c226094d226094 00102ddc40708HISaALbALd2014-12-04l0o954.03 ALONpD05490r2022-12-27 00:00:00w2022-12-27yDBzDonated by V. T. Rajshekar